000 00368 a2200157 4500
001 60007
020 _a9783125582019
040 _cAnchieta - Pituba
100 _aSchübler, Ingrid
240 1 0 _aWörter zur wahl
_lpor
245 1 0 _aWörter zur wahl
300 _a143
362 0 _a2007
650 4 _aLínguas germânicas (teutônicas) língua alemã
942 _cBK
999 _c60007
_d60007